| 000 | 00640cam a2200241 4500 | ||
|---|---|---|---|
| 008 | 090401t1986 xxu||||| |||| 00| 0 eng d | ||
| 020 | _a0946700338 | ||
| 035 | _a(Sirsi) u35111 | ||
| 041 | _aeng | ||
| 050 | _a333.33026 | ||
| 100 | _aNasser, S.M.A. | ||
| 245 | _aBasic agency | ||
| 260 |
_aLondon _bHenry Stewart Publications _c1986 |
||
| 300 | _a44p. ; 22cm. | ||
| 350 | _a0 | ||
| 490 |
_aHenry Stewart Briefings for Surveyors _v11 |
||
| 520 | _aPublished jointly with Portsmouth Polytechnic Department of Surveying . | ||
| 650 | _aAGENCY | ||
| 650 | _aESTATE AGENCY | ||
| 650 | _aLAW | ||
| 942 | _n0 | ||
| 948 | _c04/03/1997 | ||
| 999 |
_c90045 _d90045 |
||